| 000 | 00377nam a2200145Ia 4500 | ||
|---|---|---|---|
| 008 | 210210b1989 xxu||||| |||| 00| 0 eng d | ||
| 082 | _a294.555 GUPG | ||
| 100 | _aGUPTA (Mahendranath). | ||
| 245 | _aGospel of Sri Ramakrishna.V2. | ||
| 260 |
_aMadras _bSri Rmakrishna Math _c1989 |
||
| 300 | _axxiii,532-1063 | ||
| 650 | _aRamakrishna | ||
| 690 | _aHinduism | ||
| 906 | _a051273 | ||
| 999 |
_c99637 _d99637 |
||